000 00739nam a2200205 a 4500
003 BD-RjUL
005 20260115150735.0
008 260115s2024 bg ||||| |||| 00| 0 eng d
035 _a(BD-RjUL)
040 _aBD-RjUL
_beng
_cBD-RjUL
041 _aben
082 _223
_a297
_bHOI 2024
100 _aহোসেন, মোহাম্মদ বেলাল
245 _aইসলাম ও সমকালীন চিন্তাধারা /
_cমোহাম্মদ বেলাল হোসেন, মো. শফিকুল ইসলাম
300 _a২৪০ পৃ.;
_c২৩ সেমি.
650 _aইসলাম
650 _aIslam
700 _aইসলাম, মো. শফিকুল
942 _2ddc
_cBK
999 _c86108
_d86108